000 00989nam a2200277 a 4500
001 55939
003 BD-RjUL
005 20211209080332.0
008 161123s1983 bg ||||| |||| 00| 0 eng d
020 _c: Tk. 35.00
035 _a(BD-RjUL)56063
040 _aBD-RjUL
_bben
_cBD-RjUL
041 _aeng
041 _aben
082 _223
_a346.0482
_bRAB 1983
100 1 _aরহমান, গাজী শামছুর
_9166516
245 1 0 _aবাংলাদেশের কপিরাইট আইন /
_cগাজী শামছুর রহমান
250 _a১ম সং.
260 _aঢাকা :
_bবাংলা একাডেমী,
_c১৯৮৩
300 _a[১৮], ২৩৭ পৃ ;
_c২২ সেমি.
490 _aবাএ ;
_v১৩৬০
650 _aকপিরাইট আইন
_zবাংলাদেশ
_9166517
650 _aCopyright Law
_zBangladesh
_9166518
830 _aবাএ ;
_v১৩৬০
_9238877
942 _2ddc
_cBK
999 _c55939
_d55939